LEADER 01370nam a2200313 4500 001 000000358769 003 CaOOAMICUS 005 20240710115641.0 008 240708s2002 it a 000 u ita r 020 $a88-04-50960-0 040 $aSeMil$bita 100 1 $aLewis, Bernard <1916-2018>.$0(OLS)http://semarc/name/90802 240 10$aWhat went wrong?.$0(OLS)http://semarc/title/449174 245 13$aIl suicidio dell'Islam :$bin che cosa ha sbagliato la civiltà meridionale /$cBernard Lewis. 250 $a2. ed. 264 1$aMilano :$bMondadori,$c2002. 300 $a187 p., [4] c. di tav. :$bill. ;$c23 cm 490 1 $aSaggi 650 4$aMedio Oriente - Storia - Sec. 15.-20.$0(OLS)http://semarc/subject/55855 650 4$aIslamismo - Storia.$0(OLS)http://semarc/subject/1035 650 4$aCiviltà musulmana.$0(OLS)http://semarc/subject/2388 830 0$aSaggi.$0(OLS)http://semarc/title/341 850 $aSeMil 852 $aSeMil$W1$xVenegono$y1$m2X V 282$j251614$B249839$CSeMilBibl$Z2$F249839 $81 961 $aPerego don Stefano - Omaggio 996 $6020$a88-04-50960-0$9(OLS)http://semarc/number/300611 996 $6245$aIl suicidio dell'Islam :$bin che cosa ha sbagliato la civiltà meridionale$9(OLS)http://semarc/title/449175 996 $6264$aMilano :$bMondadori$9(OLS)http://semarc/publisher/30335 LEADER 01139nam a2200277 i 4500 001 000000167217 003 CaOOAMICUS 005 20160405000000.0 008 160405s1999 it u000 u ita u 013 $a144589 020 $a88-7285-186-6 040 $aSeMil$bita 100 1 $aGilly, Adolfo.$0(OLS)http://semarc/name/62899 245 10$aChiapas :$bla ribellione del mondo incantato. Le rivolte contadine in Messico /$cAdolfo Gilly. 260 $aRoma :$bManifestolibri,$ccopyr. 1999. 300 $a132 p. ;$c17 cm. 490 0 $aClessidre 500 $aContiene : Bibliografia. 650 4$aMessico - Chiapas.$0(OLS)http://semarc/subject/22542 830 0$aClessidre.$0(OLS)http://semarc/title/44516 850 $aSeMil 852 $aSeMil$W1$xVenegono$y1$m3V I 53$j118369$B118369$CSeMilBibl$Z2$F212166 $81 961 $aLascito: Castiglioni mons. Carlo 996 $6020$a88-7285-186-6$9(OLS)http://semarc/number/153830 996 $6245$aChiapas :$bla ribellione del mondo incantato. Le rivolte contadine in Messico$9(OLS)http://semarc/title/239136 996 $6260$aRoma :$bManifestolibri$9(OLS)http://semarc/publisher/31780